| 000 | 01036nac a22002411u 4500 | ||
|---|---|---|---|
| 010 | _a 2002072318 | ||
| 020 | _a0199243921 (pbk. : alk. paper) | ||
| 082 | 0 | 0 |
_a320.60941 _bRIC |
| 090 |
_c8021 _d8021 |
||
| 100 | _aRichards, David, | ||
| 245 | 1 | 0 |
_aGovernance and public policy in the United Kingdom / _cDavid Richards and Martin J. Smith. |
| 260 |
_aOxford ; _aNew York : _bOxford University Press,2002 _c2002. |
||
| 300 |
_axviii, 312 p. : _bill. ; _c25 cm. |
||
| 500 | _adistributer: Baccah | ||
| 504 | _aIncludes bibliographical references (p. [286]-300) and index. | ||
| 511 | _acatalogued by: wessam | ||
| 650 | 0 |
_aCabinet officers _zGreat Britain. |
|
| 650 | 0 |
_aCivil service _zGreat Britain. |
|
| 700 | 1 |
_aSmith, Martin J. _q(Martin John), _d1961- |
|
| 856 | 4 | 2 |
_3Publisher description _uhttp://www.loc.gov/catdir/enhancements/fy0613/2002072318-d.html |
| 856 | 4 | 2 |
_3Table of contents only _uhttp://www.loc.gov/catdir/enhancements/fy0613/2002072318-t.html |
| 942 |
_cNB _k320.60941RIC |
||
| 999 |
_c8021 _d8021 |
||